Normal - Mafalda Cardenal - Estadísticas

Estadísticas generales
  • Esta prueba ha sido intentada 376 veces
  • La puntuación promedio es 65 de 318
Estadísticas de respuestas
Letra % Correcto
a
67%
no
67%
No
67%
O
67%
67%
si
67%
Y
67%
y
67%
al
33%
da
33%
da?
33%
de
33%
De
33%
E
33%
el
33%
es
33%
feliz
33%
lo
33%
Me
33%
me
33%
mi
33%
normal
33%
(normal
33%
normal)
33%
ojos
33%
por
33%
Por
33%
que
33%
Que
33%
¿qué
33%
te
33%
33%
yo
33%
ahora
0%
Algo
0%
algo
0%
alguien
0%
aprendido
0%
Así
0%
atención
0%
bonito
0%
Buscarías
0%
cabeza
0%
callado
0%
cambiarlo
0%
con
0%
confundió
0%
creyó
0%
Decidí
0%
decidí
0%
décimo
0%
decir
0%
decirte
0%
despertar
0%
después
0%
disco
0%
distinguir
0%
distinto
0%
divertido
0%
ella
0%
en
0%
entero
0%
eras
0%
Eres
0%
escrito
0%
ese
0%
estás
0%
estoy
0%
existe
0%
fin
0%
fue
0%
gusta
0%
hacer
0%
has
0%
he
0%
intenté
0%
inventar
0%
lado
0%
llamar
0%
llorado
0%
madrugada,
0%
marrón
0%
más
0%
mes
0%
miedo
0%
mirar
0%
moría
0%
mundo
0%
nada,
0%
nuevo
0%
Nunca
0%
olvidé
0%
pareces
0%
Parecía
0%
pensar
0%
perderte
0%
perdí
0%
Pero
0%
poco
0%
poder
0%
Porque
0%
porque
0%
puede
0%
puedo
0%
quedases
0%
quererte
0%
querido
0%
quisieran
0%
quisieses
0%
quizás
0%
reír
0%
revés
0%
salió
0%
sólo
0%
Sólo
0%
tan
0%
tanto
0%
tenerte
0%
ti
0%
tiempo
0%
todo
0%
todo,
0%
Todo
0%
tristeza
0%
tus
0%
tuyo
0%
un
0%
Un
0%
veía
0%
veo
0%
verdad
0%
No se encontraron pruebas coincidentes
Distribución de puntuación
Porcentaje de gente con cada puntuación
Porcentaje por número respondido
Historial de tus puntuaciones
No has intentado esta prueba.